000 01948cam a2200433 i 4500
001 on1376266142
003 OCoLC
005 20251205034824.0
008 230417t20232023nyu e 000 1 eng d
010 _a 2023930485
020 _a9780316402781
_q(hardcover)
020 _a0316402788
_q(hardcover)
035 _a(OCoLC)1376266142
035 _a1755948
040 _aNjBwBT
_beng
_erda
_cFFL
_dFFL
_dLE@
_dOCO
_dDAD
100 1 _aPatterson, James,
_d1947-
_eauthor.
245 1 4 _aThe 23rd midnight /
_cJames Patterson & Maxine Paetro.
246 3 _aTwenty-third midnight.
250 _aFirst edition.
264 1 _aNew York :
_bLittle, Brown and Company,
_c2023.
264 4 _c℗♭2023.
300 _a341 pages ;
_c25 cm.
336 _atext
_2rdacontent.
337 _aunmediated
_2rdamedia.
338 _avolume
_2rdacarrier.
490 1 _aThe Women's murder club ;
_v23.
520 _a"An attention-seeking copycat is recreating murders by a famous killer from the Women's Murder Club's past--with devastating new twists. Detective Lindsay Boxer put serial killer Evan Burke in jail. Reporter Cindy Thomas wrote a book that put him on the bestseller list. An obsessed maniac has turned Burke's true-crime story into a playbook. And is embellishing it with gruesome touches all his own. Now Lindsay's tracking an elusive suspect, and the entire Murder Club is facing destruction"--
_cProvided by publisher.
600 1 0 _aBoxer, Lindsay
_c(Fictitious character)
_vFiction.
650 0 _aWomen's Murder Club (Imaginary organization)
_vFiction.
650 0 _aMurder
_xInvestigation
_vFiction.
650 0 _aCopycat crimes
_vFiction.
650 0 _aSerial murderers
_vFiction.
655 7 _aThrillers (Fiction)
_2lcgft.
655 7 _aDetective and mystery fiction.
_2lcgft.
700 1 _aPaetro, Maxine,
_eauthor.
800 1 _aPatterson, James,
_d1947-
_tWomen's murder club ;
_vbk. 23.
907 _a.b471499547
942 _2ddc
_cBK
999 _c31374
_d31372